Whitehead, process philosophy, and education (Record no. 63848)
[ view plain ]
| 000 -LEADER | |
|---|---|
| fixed length control field | 00484nam a2200193Ia 4500 |
| 003 - CONTROL NUMBER IDENTIFIER | |
| control field | 0100 |
| 008 - FIXED-LENGTH DATA ELEMENTS--GENERAL INFORMATION | |
| fixed length control field | 130303s9999 xx 000 0 und d |
| 040 ## - CATALOGING SOURCE | |
| Transcribing agency | ARRUPELIB |
| 050 ## - LIBRARY OF CONGRESS CALL NUMBER | |
| Classification number | LB85.P7B78 |
| 300 ## - PHYSICAL DESCRIPTION | |
| Other physical details | 23 cm |
| 100 ## - MAIN ENTRY--PERSONAL NAME | |
| Personal name | Brumbaugh, Robert S. |
| 245 ## - TITLE STATEMENT | |
| Title | Whitehead, process philosophy, and education |
| 260 ## - PUBLICATION, DISTRIBUTION, ETC. (IMPRINT) | |
| Place of publication, distribution, etc | Albany |
| 260 ## - PUBLICATION, DISTRIBUTION, ETC. (IMPRINT) | |
| Name of publisher, distributor, etc | State University of New York Press |
| 260 ## - PUBLICATION, DISTRIBUTION, ETC. (IMPRINT) | |
| -- | 1982 |
| 300 ## - PHYSICAL DESCRIPTION | |
| Extent | 145p. |
| 440 ## - SERIES STATEMENT/ADDED ENTRY--TITLE | |
| Title | SUNY series in philosophy |
| 942 ## - ADDED ENTRY ELEMENTS (KOHA) | |
| Source of classification or shelving scheme | Library of Congress Classification |
| Koha issues (borrowed), all copies | 2 |
| Withdrawn status | Lost status | Source of classification or shelving scheme | Damaged status | Not for loan | Collection code | Home library | Current library | Shelving location | Date acquired | Total Checkouts | Full call number | Barcode | Date last seen | Date checked out | Copy number | Price effective from | Koha item type |
|---|---|---|---|---|---|---|---|---|---|---|---|---|---|---|---|---|---|
| Library of Congress Classification | Main Collection | ARRUPE LIBRARY | ARRUPE LIBRARY | 05/03/2013 | 2 | LB85.P7B78 | 46003096537 | 28/06/2018 | 15/10/2014 | 1 | 05/03/2013 | Monograph ( Printed materials) |